00206nam a2200073Ia 4500008004100000082001500041245005500056300002100111230907s9999||||xx |||||||||||||| ||und|| a341.2bINT 0aInternational organization and global governance / axxv, 700 pages :